[Event "C18"]
[Site "?"]
[Date "2016.08.06"]
[Round "6.2"]
[White "Molenda, Marcin"]
[Black "Michalski, Filip"]
[Result "1-0"]
[LiveChessVersion "1.4.8"]
[BlackElo "1916"]
[WhiteElo "2187"]

1. d4 {[%clk 0:03:03]} Nf6 {[%clk 0:03:03]} 2. Nf3 {[%clk 0:03:04]} e6
{[%clk 0:03:04]} 3. c4 {[%clk 0:03:04]} d5 {[%clk 0:03:05]} 4. g3
{[%clk 0:03:05]} Be7 {[%clk 0:03:06]} 5. Bg2 {[%clk 0:03:06]} O-O
{[%clk 0:03:06]} 6. O-O {[%clk 0:03:06]} c6 {[%clk 0:03:07]} 7. Qc2
{[%clk 0:03:07]} b6 {[%clk 0:03:03]} 8. Nbd2 {[%clk 0:03:07]} Bb7
{[%clk 0:03:03]} 9. e4 {[%clk 0:03:06]} c5 {[%clk 0:02:58]} 10. cxd5
{[%clk 0:03:00]} exd5 {[%clk 0:02:56]} 11. e5 {[%clk 0:02:39]} Nfd7
{[%clk 0:02:34]} 12. Re1 {[%clk 0:02:39]} Na6 {[%clk 0:02:33]} 13. a3
{[%clk 0:02:33]} cxd4 {[%clk 0:02:32]} 14. Nxd4 {[%clk 0:02:33]} Rc8
{[%clk 0:02:31]} 15. Qd1 {[%clk 0:02:30]} Nac5 {[%clk 0:02:31]} 16. N2f3
{[%clk 0:02:11]} Ne6 {[%clk 0:02:30]} 17. Nxe6 {[%clk 0:02:06]} fxe6
{[%clk 0:02:31]} 18. Nd4 {[%clk 0:02:07]} Rc6 {[%clk 0:01:25]} 19. b4
{[%clk 0:01:58]} a6 {[%clk 0:01:03]} 20. Qg4 {[%clk 0:01:45]} Rc4
{[%clk 0:00:32]} 21. Qxe6+ {[%clk 0:01:39]} Kh8 {[%clk 0:00:32]} 22. Nf5
{[%clk 0:01:26]} Re8 {[%clk 0:00:20]} 23. Qf7 {[%clk 0:01:18]} Bf8
{[%clk 0:00:15]} 24. Ne3 {[%clk 0:01:05]} Nxe5 {[%clk 0:00:12]} 25. Qxb7
{[%clk 0:01:05]} Nd3 {[%clk 0:00:09]} 26. Rd1 {[%clk 0:00:38]} Qf6
{[%clk 0:00:05]} 27. Bd2 {[%clk 0:00:14]} Qxf2+ 28. Kh1 Rce4 {[%clk 0:00:04]} 29.
Qxd5 {[%clk 0:00:14]} Rxe3 30. Bxe3 {[%clk 0:00:12]} Qxe3 {[%clk 0:00:05]} 31.
Qxd3 {[%clk 0:00:13]} Qe5 {[%clk 0:00:06]} 32. Rac1 {[%clk 0:00:13]} Be7
{[%clk 0:00:06]} 33. Re1 {[%clk 0:00:14]} Qh5 34. Qf3 {[%clk 0:00:13]} Qh6
{[%clk 0:00:07]} 35. Rc7 {[%clk 0:00:11]} Qd6 {[%clk 0:00:06]} 36. Rcxe7
{[%clk 0:00:12]} 1-0

[Event "C18"]
[Site "?"]
[Date "2016.08.06"]
[Round "6.3"]
[White "Jarmula, Lukasz"]
[Black "Piotrowski, Przemyslaw"]
[Result "0-1"]
[LiveChessVersion "1.4.8"]
[BlackElo "2131"]
[WhiteElo "2162"]

1. e4 {[%clk 0:03:03]} c5 {[%clk 0:03:02]} 2. Nf3 {[%clk 0:03:03]} d6
{[%clk 0:03:03]} 3. d4 {[%clk 0:03:05]} cxd4 {[%clk 0:03:04]} 4. Nxd4
{[%clk 0:03:06]} Nf6 {[%clk 0:03:06]} 5. Nc3 {[%clk 0:03:07]} Nc6
{[%clk 0:03:07]} 6. Bg5 {[%clk 0:03:07]} e6 {[%clk 0:03:06]} 7. Qd2
{[%clk 0:03:08]} a6 {[%clk 0:03:07]} 8. O-O-O {[%clk 0:03:07]} Bd7
{[%clk 0:03:08]} 9. f4 {[%clk 0:03:08]} b5 {[%clk 0:03:09]} 10. Bxf6
{[%clk 0:03:06]} gxf6 {[%clk 0:03:09]} 11. Nxc6 {[%clk 0:03:06]} Bxc6
{[%clk 0:03:10]} 12. Kb1 {[%clk 0:03:03]} Qb6 {[%clk 0:03:10]} 13. f5
{[%clk 0:02:53]} Qc5 {[%clk 0:03:11]} 14. Bd3 {[%clk 0:02:50]} h5
{[%clk 0:03:12]} 15. fxe6 {[%clk 0:02:42]} fxe6 {[%clk 0:03:13]} 16. Rhf1
{[%clk 0:02:34]} Bh6 {[%clk 0:03:14]} 17. Qe2 {[%clk 0:02:28]} Qe5
{[%clk 0:03:09]} 18. Qf3 {[%clk 0:02:13]} O-O {[%clk 0:03:06]} 19. Ne2
{[%clk 0:02:08]} Ra7 {[%clk 0:02:42]} 20. g3 {[%clk 0:02:07]} f5 {[%clk 0:02:29]}
21. Qf2 {[%clk 0:01:47]} Bg7 {[%clk 0:02:18]} 22. c3 {[%clk 0:01:47]} Rb7
{[%clk 0:02:19]} 23. exf5 {[%clk 0:01:39]} b4 {[%clk 0:02:15]} 24. Nd4
{[%clk 0:00:47]} bxc3 {[%clk 0:02:05]} 25. Nb3 {[%clk 0:00:41]} Be4
{[%clk 0:01:53]} 26. Rfe1 {[%clk 0:00:35]} Bxd3+ {[%clk 0:01:43]} 27. Rxd3
{[%clk 0:00:33]} c2+ {[%clk 0:01:43]} 28. Kxc2 {[%clk 0:00:29]} Qxb2+
{[%clk 0:01:43]} 29. Kd1 {[%clk 0:00:30]} Qxf2 {[%clk 0:01:44]} 0-1

[Event "C18"]
[Site "?"]
[Date "2016.08.06"]
[Round "6.4"]
[White "Szostko, Jakub"]
[Black "Osinski, Emil"]
[Result "1-0"]
[LiveChessVersion "1.4.8"]
[BlackElo "1904"]
[WhiteElo "2157"]

1. e4 {[%clk 0:03:03]} g6 {[%clk 0:03:03]} 2. d4 {[%clk 0:03:04]} c6
{[%clk 0:02:59]} 3. Nc3 {[%clk 0:03:02]} Bg7 {[%clk 0:03:00]} 4. h3
{[%clk 0:03:03]} d5 {[%clk 0:03:01]} 5. Nf3 {[%clk 0:03:04]} dxe4
{[%clk 0:03:01]} 6. Nxe4 {[%clk 0:03:05]} Nd7 {[%clk 0:03:01]} 7. Bd3
{[%clk 0:03:03]} Ngf6 {[%clk 0:03:02]} 8. Nxf6+ {[%clk 0:03:03]} Nxf6
{[%clk 0:03:03]} 9. O-O {[%clk 0:03:03]} O-O {[%clk 0:03:02]} 10. Re1
{[%clk 0:03:05]} Qc7 {[%clk 0:02:58]} 11. c3 {[%clk 0:03:03]} Rd8
{[%clk 0:02:53]} 12. Qe2 {[%clk 0:03:02]} e6 {[%clk 0:02:51]} 13. Bg5
{[%clk 0:02:56]} Re8 {[%clk 0:02:43]} 14. Bh4 {[%clk 0:02:55]} Nd5
{[%clk 0:02:38]} 15. Bg3 {[%clk 0:02:53]} Qd8 {[%clk 0:02:35]} 16. Be5
{[%clk 0:02:47]} f6 {[%clk 0:02:18]} 17. Bh2 {[%clk 0:02:47]} b6 {[%clk 0:02:12]}
18. Qc2 {[%clk 0:02:44]} Bb7 {[%clk 0:01:58]} 19. Re2 {[%clk 0:02:45]} Qd7
{[%clk 0:01:56]} 20. Rae1 {[%clk 0:02:45]} Re7 {[%clk 0:01:51]} 21. h4
{[%clk 0:02:38]} Rae8 {[%clk 0:01:07]} 22. h5 {[%clk 0:02:39]} f5
{[%clk 0:01:08]} 23. Ne5 {[%clk 0:02:32]} Bxe5 {[%clk 0:01:05]} 24. Bxe5
{[%clk 0:02:33]} c5 {[%clk 0:01:03]} 25. hxg6 {[%clk 0:02:31]} hxg6
{[%clk 0:01:02]} 26. Qd2 {[%clk 0:02:30]} Rh7 {[%clk 0:00:54]} 27. Qg5
{[%clk 0:02:30]} Qf7 {[%clk 0:00:44]} 28. dxc5 {[%clk 0:02:24]} Rh5
{[%clk 0:00:41]} 29. Qg3 {[%clk 0:02:02]} Qh7 30. f3 bxc5 31. Bb5 Re7
{[%clk 0:00:23]} 32. Bd6 {[%clk 0:02:06]} f4 {[%clk 0:00:18]} 33. Bxf4
{[%clk 0:01:58]} Nxf4 {[%clk 0:00:07]} 34. Qxf4 {[%clk 0:01:59]} Rf5
{[%clk 0:00:07]} 35. Qb8+ {[%clk 0:01:59]} Kf7 {[%clk 0:00:08]} 36. Rxe6
{[%clk 0:01:51]} Rxe6 {[%clk 0:00:05]} 37. Qxb7+ {[%clk 0:01:53]} 1-0

[Event "C18"]
[Site "?"]
[Date "2016.08.06"]
[Round "6.5"]
[White "Putlak, Wojciech"]
[Black "Kanicki, Krzysztof"]
[Result "1/2-1/2"]
[LiveChessVersion "1.4.8"]
[BlackElo "2067"]
[WhiteElo "1939"]

1. d4 {[%clk 0:03:02]} Nf6 {[%clk 0:03:01]} 2. Nf3 {[%clk 0:03:03]} d5
{[%clk 0:03:01]} 3. Bf4 {[%clk 0:03:02]} c5 {[%clk 0:03:01]} 4. c3
{[%clk 0:03:03]} Nc6 {[%clk 0:03:02]} 5. Nbd2 {[%clk 0:03:03]} e6
{[%clk 0:02:58]} 6. e3 {[%clk 0:03:03]} Bd6 {[%clk 0:02:59]} 7. Bxd6
{[%clk 0:03:04]} Qxd6 {[%clk 0:03:00]} 8. Bd3 {[%clk 0:03:02]} O-O
{[%clk 0:02:58]} 9. O-O {[%clk 0:03:02]} e5 {[%clk 0:02:58]} 10. dxe5
{[%clk 0:03:01]} Nxe5 {[%clk 0:02:59]} 11. Nxe5 {[%clk 0:03:02]} Qxe5
{[%clk 0:03:00]} 12. Nf3 {[%clk 0:03:03]} Qe7 {[%clk 0:03:00]} 13. h3
{[%clk 0:02:57]} h6 {[%clk 0:02:55]} 14. Qc2 {[%clk 0:02:53]} Be6
{[%clk 0:02:56]} 15. c4 {[%clk 0:02:50]} Rfd8 {[%clk 0:02:52]} 16. Rac1
{[%clk 0:02:48]} b6 {[%clk 0:02:49]} 17. Rfd1 {[%clk 0:02:48]} Rd6
{[%clk 0:02:39]} 18. cxd5 {[%clk 0:02:37]} Bxd5 {[%clk 0:02:31]} 19. Nd2
{[%clk 0:02:27]} Rad8 {[%clk 0:02:24]} 20. b3 {[%clk 0:01:50]} Bb7
{[%clk 0:02:20]} 21. Nc4 {[%clk 0:01:36]} R6d7 {[%clk 0:02:13]} 22. Bf5
{[%clk 0:01:35]} Rxd1+ {[%clk 0:02:13]} 23. Rxd1 {[%clk 0:01:37]} Rxd1+
{[%clk 0:01:59]} 24. Qxd1 {[%clk 0:01:38]} g6 {[%clk 0:02:00]} 25. Bd3
{[%clk 0:01:23]} Qd7 {[%clk 0:01:53]} 26. Be2 {[%clk 0:01:18]} Qxd1+
{[%clk 0:01:53]} 27. Bxd1 {[%clk 0:01:19]} Kf8 {[%clk 0:01:46]} 28. Nd6
{[%clk 0:01:13]} Ba6 {[%clk 0:01:38]} 29. Bf3 {[%clk 0:01:10]} Ke7
{[%clk 0:01:38]} 30. Ne4 {[%clk 0:01:10]} Bb7 {[%clk 0:01:08]} 31. Nxf6
{[%clk 0:01:05]} Bxf3 {[%clk 0:01:06]} 32. Ng8+ {[%clk 0:00:52]} Kf8
{[%clk 0:01:07]} 33. Nxh6 {[%clk 0:00:47]} Be4 {[%clk 0:01:08]} 34. Ng4
{[%clk 0:00:46]} Ke7 {[%clk 0:00:50]} 35. f3 {[%clk 0:00:44]} Bb1
{[%clk 0:00:51]} 36. a3 {[%clk 0:00:45]} a5 {[%clk 0:00:49]} 37. Ne5
{[%clk 0:00:40]} Ba2 {[%clk 0:00:39]} 38. Nc4 {[%clk 0:00:41]} a4
{[%clk 0:00:39]} 39. Nxb6 {[%clk 0:00:34]} axb3 {[%clk 0:00:36]} 40. Nc4
{[%clk 0:00:32]} Bb1 {[%clk 0:00:28]} 41. Kf2 {[%clk 0:00:25]} Bd3
{[%clk 0:00:29]} 42. Nb2 {[%clk 0:00:22]} c4 {[%clk 0:00:30]} 43. Nd1
{[%clk 0:00:07]} c3 {[%clk 0:00:05]} 44. Nxc3 {[%clk 0:00:07]} b2
{[%clk 0:00:07]} 45. e4 {[%clk 0:00:03]} b1=Q {[%clk 0:00:07]} 46. Nxb1
{[%clk 0:00:04]} Bxb1 {[%clk 0:00:08]} 47. Ke3 {[%clk 0:00:05]} Kd6
{[%clk 0:00:05]} 48. Kd4 {[%clk 0:00:06]} f6 {[%clk 0:00:05]} 49. g4
{[%clk 0:00:05]} Ba2 {[%clk 0:00:05]} 50. f4 {[%clk 0:00:04]} Bb3
{[%clk 0:00:04]} 51. h4 {[%clk 0:00:04]} Bd1 {[%clk 0:00:03]} 52. e5+
{[%clk 0:00:04]} fxe5+ {[%clk 0:00:04]} 53. fxe5+ {[%clk 0:00:06]} Ke6
{[%clk 0:00:05]} 54. h5 {[%clk 0:00:05]} gxh5 {[%clk 0:00:06]} 55. gxh5 Bxh5
{[%clk 0:00:07]} 56. a4 {[%clk 0:00:07]} Bf3 {[%clk 0:00:07]} 57. a5
{[%clk 0:00:08]} Ba8 {[%clk 0:00:08]} 1/2-1/2

[Event "C18"]
[Site "?"]
[Date "2016.08.06"]
[Round "7.1"]
[White "Niekras, Dawid"]
[Black "Piotrowski, Przemyslaw"]
[Result "0-1"]
[LiveChessVersion "1.4.8"]
[BlackElo "2131"]
[WhiteElo "2157"]

1. e4 c5 2. Nf3 d6 3. d4 cxd4 4. Nxd4 Nf6 5. Nc3 Nc6 6. Bc4 e6 7. Bb3 a6 8. Be3
Qc7 9. Qe2 Na5 10. f4 b5 11. f5 Nxb3 12. axb3 b4 13. Na4 e5 14. Nf3 Rb8 15. Bg5
Bd7 16. Bxf6 gxf6 17. O-O-O Bb5 18. Qf2 h5 19. Kb1 Bh6 20. h3 Ke7 21. g4 Bf4 22.
gxh5 Rxh5 23. h4 Rb7 24. Ne1 Qc6 25. Nd3 Bxd3 26. cxd3 Rb8 27. Ka2 Qb7 28. Qf3
Rbh8 29. Qf2 Bg5 30. Qe2 Rxh4 31. Rxh4 Rxh4 32. Qc2 Be3 33. Re1 Bf4 34. Rg1 Rh2
35. Qd1 Qb5 36. Re1 Rd2 37. Qh5 Qxd3 38. Qh8 Be3 39. Qa8 Bd4 40. Qb7+ Kf8 41.
Qb8+ Kg7 42. Rb1 Qxe4 43. Qxd6 Qxf5 44. Qxa6 Qf2 45. Qc8 f5 46. Qb7 e4 47. Qxb4
e3 48. Qe7 Bf6 49. Qe8 e2 0-1

[Event "C18"]
[Site "?"]
[Date "2016.08.06"]
[Round "7.2"]
[White "Karwowski, Kacper"]
[Black "Michalski, Filip"]
[Result "1-0"]
[LiveChessVersion "1.4.8"]
[BlackElo "1916"]
[WhiteElo "2002"]

1. e4 {[%clk 0:03:00]} e6 {[%clk 0:03:03]} 2. d3 {[%clk 0:03:02]} d5
{[%clk 0:03:04]} 3. Nd2 {[%clk 0:03:03]} c5 {[%clk 0:03:05]} 4. Ngf3
{[%clk 0:03:05]} Nc6 {[%clk 0:03:06]} 5. g3 {[%clk 0:03:06]} Nge7
{[%clk 0:03:06]} 6. Bg2 {[%clk 0:03:07]} g6 {[%clk 0:03:07]} 7. O-O
{[%clk 0:03:07]} Bg7 8. c3 O-O {[%clk 0:03:07]} 9. Re1 {[%clk 0:03:09]} Qc7
{[%clk 0:03:07]} 10. Nf1 {[%clk 0:03:07]} b5 {[%clk 0:03:07]} 11. Qe2
{[%clk 0:02:52]} Bb7 {[%clk 0:03:06]} 12. e5 {[%clk 0:02:52]} Nf5
{[%clk 0:03:01]} 13. Bf4 {[%clk 0:02:47]} b4 {[%clk 0:03:00]} 14. Ne3
{[%clk 0:02:42]} Nfe7 {[%clk 0:01:57]} 15. Ng4 {[%clk 0:02:36]} Nf5
{[%clk 0:01:49]} 16. Nf6+ {[%clk 0:02:05]} Kh8 {[%clk 0:01:48]} 17. g4
{[%clk 0:02:01]} Bxf6 {[%clk 0:01:19]} 18. gxf5 {[%clk 0:02:02]} gxf5 19. Qe3 Bg7
{[%clk 0:00:52]} 20. Qxc5 {[%clk 0:02:04]} bxc3 {[%clk 0:00:48]} 21. bxc3
{[%clk 0:02:05]} Rac8 {[%clk 0:00:46]} 22. Qe3 {[%clk 0:01:55]} Ne7
{[%clk 0:00:44]} 23. Rac1 {[%clk 0:01:56]} Ng6 {[%clk 0:00:45]} 24. Bg5
{[%clk 0:01:44]} Ba6 {[%clk 0:00:43]} 25. h4 {[%clk 0:01:44]} Qb6
{[%clk 0:00:19]} 26. h5 {[%clk 0:01:25]} Qxe3 {[%clk 0:00:19]} 27. Rxe3
{[%clk 0:01:26]} h6 {[%clk 0:00:19]} 28. hxg6 {[%clk 0:01:27]} hxg5
{[%clk 0:00:19]} 29. gxf7 {[%clk 0:01:28]} Rxf7 {[%clk 0:00:12]} 30. Nxg5
{[%clk 0:01:22]} Re7 {[%clk 0:00:12]} 31. Rh3+ {[%clk 0:01:22]} Kg8
{[%clk 0:00:13]} 32. f4 {[%clk 0:01:16]} Rc6 {[%clk 0:00:05]} 33. Rb1
{[%clk 0:01:02]} Rxc3 {[%clk 0:00:06]} 34. Rb8+ {[%clk 0:01:03]} Rc8
{[%clk 0:00:07]} 35. Rb2 {[%clk 0:00:57]} Rc1+ {[%clk 0:00:08]} 36. Kh2
{[%clk 0:00:58]} Rc8 {[%clk 0:00:09]} 37. d4 {[%clk 0:00:51]} Bc4
{[%clk 0:00:10]} 38. a4 {[%clk 0:00:51]} a5 {[%clk 0:00:07]} 39. Rb6
{[%clk 0:00:53]} Rce8 {[%clk 0:00:03]} 40. Rc3 {[%clk 0:00:45]} Kf8
{[%clk 0:00:03]} 41. Rc2 {[%clk 0:00:44]} Kg8 42. Rcb2 Kf8 {[%clk 0:00:06]} 43.
Rc6 {[%clk 0:00:46]} Kg8 {[%clk 0:00:07]} 44. Rbb6 {[%clk 0:00:46]} Bh6
{[%clk 0:00:07]} 45. Rxe6 {[%clk 0:00:45]} Bxg5 {[%clk 0:00:07]} 46. Rg6+
{[%clk 0:00:46]} Kh7 {[%clk 0:00:07]} 47. Rxg5 {[%clk 0:00:40]} Re6
{[%clk 0:00:07]} 48. Rb7+ {[%clk 0:00:36]} R8e7 {[%clk 0:00:08]} 49. Rxe7+
{[%clk 0:00:37]} Rxe7 {[%clk 0:00:10]} 50. Bh3 {[%clk 0:00:38]} Bb3
{[%clk 0:00:10]} 51. Bxf5+ {[%clk 0:00:38]} Kh6 {[%clk 0:00:11]} 52. Rg6+
{[%clk 0:00:34]} Kh5 {[%clk 0:00:13]} 53. Kg3 {[%clk 0:00:30]} Rc7
{[%clk 0:00:13]} 54. Rg5+ {[%clk 0:00:25]} Kh6 {[%clk 0:00:15]} 55. Kh4
{[%clk 0:00:21]} Rc6 {[%clk 0:00:07]} 56. Bg4 {[%clk 0:00:20]} Rc1
{[%clk 0:00:07]} 57. Rh5+ {[%clk 0:00:19]} Kg7 {[%clk 0:00:08]} 58. Kg5
{[%clk 0:00:20]} Rg1 {[%clk 0:00:09]} 59. f5 {[%clk 0:00:15]} Bxa4
{[%clk 0:00:05]} 60. f6+ {[%clk 0:00:15]} Kg8 {[%clk 0:00:06]} 61. e6
{[%clk 0:00:09]} Be8 {[%clk 0:00:04]} 62. Rh2 {[%clk 0:00:09]} a4
{[%clk 0:00:04]} 63. f7+ {[%clk 0:00:10]} Bxf7 {[%clk 0:00:05]} 64. exf7+ Kxf7
65. Rf2+ {[%clk 0:00:13]} Ke7 {[%clk 0:00:08]} 66. Rf5 {[%clk 0:00:11]} Kd6
{[%clk 0:00:09]} 67. Rf6+ {[%clk 0:00:12]} Kc7 {[%clk 0:00:10]} 68. Ra6
{[%clk 0:00:13]} Ra1 {[%clk 0:00:10]} 69. Kf5 Kb7 70. Ra5 {[%clk 0:00:13]} Kc6
{[%clk 0:00:14]} 71. Ke5 {[%clk 0:00:13]} Re1+ {[%clk 0:00:14]} 72. Kf5
{[%clk 0:00:14]} Re4 {[%clk 0:00:16]} 73. Rxa4 {[%clk 0:00:15]} Kb5
{[%clk 0:00:15]} 74. Bd1 {[%clk 0:00:14]} Re1 {[%clk 0:00:15]} 75. Ra1
{[%clk 0:00:15]} Kc4 {[%clk 0:00:16]} 76. Bb3+ {[%clk 0:00:16]} Kxd4
{[%clk 0:00:16]} 77. Rxe1 {[%clk 0:00:18]} Ke4+ {[%clk 0:03:02]} 78. Kxe4 1-0

[Event "C18"]
[Site "?"]
[Date "2016.08.06"]
[Round "7.3"]
[White "Szostko, Jakub"]
[Black "Smieszek, Wojciech"]
[Result "1-0"]
[LiveChessVersion "1.4.8"]
[BlackElo "2042"]
[WhiteElo "2157"]

1. e4 {[%clk 0:03:03]} c5 {[%clk 0:03:04]} 2. Nf3 {[%clk 0:03:04]} g6
{[%clk 0:03:05]} 3. d4 {[%clk 0:03:06]} cxd4 {[%clk 0:03:06]} 4. Nxd4
{[%clk 0:03:06]} Bg7 {[%clk 0:03:06]} 5. Nc3 {[%clk 0:03:07]} Nc6
{[%clk 0:03:07]} 6. Be3 {[%clk 0:03:07]} Nf6 {[%clk 0:03:08]} 7. Bc4
{[%clk 0:03:08]} O-O {[%clk 0:03:09]} 8. Bb3 {[%clk 0:03:09]} Re8
{[%clk 0:03:08]} 9. Nxc6 {[%clk 0:03:05]} dxc6 {[%clk 0:02:35]} 10. Qxd8
{[%clk 0:03:06]} Rxd8 {[%clk 0:02:36]} 11. f3 {[%clk 0:03:07]} b6
{[%clk 0:02:05]} 12. a4 {[%clk 0:03:00]} Be6 {[%clk 0:01:26]} 13. Bxe6
{[%clk 0:02:56]} fxe6 {[%clk 0:01:27]} 14. a5 {[%clk 0:02:57]} b5
{[%clk 0:01:28]} 15. Ke2 {[%clk 0:02:48]} a6 {[%clk 0:01:10]} 16. Rhd1
{[%clk 0:02:45]} Kf7 {[%clk 0:01:07]} 17. Bb6 {[%clk 0:02:44]} Rd7
{[%clk 0:01:00]} 18. Na2 {[%clk 0:02:20]} Rxd1 {[%clk 0:00:37]} 19. Rxd1
{[%clk 0:02:21]} Ke8 {[%clk 0:00:38]} 20. Bd4 {[%clk 0:01:45]} Nh5
{[%clk 0:00:25]} 21. Bxg7 {[%clk 0:01:44]} Nxg7 {[%clk 0:00:26]} 22. Nb4
{[%clk 0:01:44]} c5 {[%clk 0:00:27]} 23. Nc6 {[%clk 0:01:43]} Rc8
{[%clk 0:00:23]} 24. Ne5 {[%clk 0:01:43]} Nh5 {[%clk 0:00:19]} 25. Ke3
{[%clk 0:01:29]} c4 {[%clk 0:00:19]} 26. c3 {[%clk 0:01:23]} Rc5 {[%clk 0:00:17]}
27. Kd4 {[%clk 0:01:03]} Rc8 {[%clk 0:00:16]} 28. Rd2 {[%clk 0:00:56]} g5
{[%clk 0:00:11]} 29. g3 {[%clk 0:00:52]} Nf6 {[%clk 0:00:12]} 30. Ke3
{[%clk 0:00:45]} h5 {[%clk 0:00:11]} 31. f4 {[%clk 0:00:44]} Rc5 {[%clk 0:00:08]}
32. fxg5 {[%clk 0:00:34]} Rxe5 {[%clk 0:00:06]} 33. gxf6 {[%clk 0:00:35]} exf6
{[%clk 0:00:07]} 34. Rd6 {[%clk 0:00:34]} f5 {[%clk 0:00:08]} 35. Rxa6
{[%clk 0:00:34]} Rxe4+ {[%clk 0:00:09]} 36. Kf2 {[%clk 0:00:35]} f4
{[%clk 0:00:07]} 37. Rb6 {[%clk 0:00:34]} fxg3+ {[%clk 0:00:08]} 38. hxg3
{[%clk 0:00:36]} Re5 {[%clk 0:00:06]} 39. a6 {[%clk 0:00:36]} Rf5+
{[%clk 0:00:06]} 40. Kg2 {[%clk 0:00:37]} Rf7 {[%clk 0:00:05]} 41. Rb8+
{[%clk 0:00:38]} Ke7 {[%clk 0:00:05]} 42. Rb7+ {[%clk 0:00:39]} 1-0

[Event "C18"]
[Site "?"]
[Date "2016.08.06"]
[Round "7.4"]
[White "Molenda, Marcin"]
[Black "Osinski, Emil"]
[Result "0-1"]
[LiveChessVersion "1.4.8"]
[BlackElo "1904"]
[WhiteElo "2187"]

1. d4 {[%clk 0:03:03]} Nf6 {[%clk 0:03:03]} 2. Nf3 {[%clk 0:03:04]} g6
{[%clk 0:03:03]} 3. c4 {[%clk 0:03:04]} Bg7 {[%clk 0:03:03]} 4. g3
{[%clk 0:03:06]} O-O 5. Bg2 c6 {[%clk 0:03:04]} 6. O-O {[%clk 0:03:07]} d5
{[%clk 0:03:05]} 7. cxd5 {[%clk 0:03:08]} cxd5 {[%clk 0:03:06]} 8. Nc3
{[%clk 0:03:09]} Nc6 {[%clk 0:03:04]} 9. Ne5 {[%clk 0:03:10]} e6 {[%clk 0:02:55]}
10. Nxc6 {[%clk 0:03:09]} bxc6 {[%clk 0:02:56]} 11. Bf4 {[%clk 0:03:05]} Nh5
{[%clk 0:02:43]} 12. Be3 {[%clk 0:02:55]} Rb8 {[%clk 0:02:25]} 13. Na4
{[%clk 0:02:54]} f5 {[%clk 0:02:13]} 14. f4 {[%clk 0:02:28]} Nf6 {[%clk 0:02:09]}
15. Kh1 {[%clk 0:02:23]} Ng4 {[%clk 0:01:36]} 16. Bg1 {[%clk 0:02:24]} g5
{[%clk 0:01:27]} 17. e3 {[%clk 0:01:41]} h6 {[%clk 0:01:21]} 18. Rc1
{[%clk 0:01:39]} Bd7 {[%clk 0:01:01]} 19. b3 {[%clk 0:01:39]} Nf6
{[%clk 0:00:51]} 20. Rf2 {[%clk 0:01:21]} Rf7 {[%clk 0:00:45]} 21. Rfc2
{[%clk 0:01:22]} Bf8 {[%clk 0:00:44]} 22. Nc5 {[%clk 0:01:17]} Bxc5
{[%clk 0:00:43]} 23. Rxc5 {[%clk 0:01:17]} Ne8 {[%clk 0:00:40]} 24. Qd2
{[%clk 0:01:16]} Nd6 {[%clk 0:00:37]} 25. Qa5 {[%clk 0:01:08]} Qb6
{[%clk 0:00:25]} 26. Qe1 {[%clk 0:00:37]} g4 {[%clk 0:00:19]} 27. Qd1
{[%clk 0:00:33]} h5 {[%clk 0:00:17]} 28. Bf2 {[%clk 0:00:34]} Nb7
{[%clk 0:00:15]} 29. R5c2 {[%clk 0:00:34]} Be8 {[%clk 0:00:10]} 30. Be1
{[%clk 0:00:35]} Rc7 {[%clk 0:00:10]} 31. Bf1 {[%clk 0:00:36]} c5
{[%clk 0:00:07]} 32. dxc5 {[%clk 0:00:30]} Rxc5 33. Rxc5 Nxc5 {[%clk 0:00:09]}
34. Qd4 {[%clk 0:00:24]} Ne4 35. Qe5 Qd6 {[%clk 0:00:08]} 36. Qxd6
{[%clk 0:00:25]} Nxd6 {[%clk 0:00:09]} 37. Rc7 {[%clk 0:00:26]} Rc8
{[%clk 0:00:07]} 38. Rxc8 {[%clk 0:00:25]} Nxc8 {[%clk 0:00:08]} 39. Bc3
{[%clk 0:00:24]} Bc6 {[%clk 0:00:08]} 40. Kg1 {[%clk 0:00:25]} Kf7
{[%clk 0:00:09]} 41. Kf2 {[%clk 0:00:26]} Nd6 {[%clk 0:00:10]} 42. a4
{[%clk 0:00:27]} Ne4+ {[%clk 0:00:12]} 43. Ke1 Nxc3 44. Kd2 Ne4+ 45. Kc2
{[%clk 0:00:28]} Ke7 {[%clk 0:00:15]} 46. Kb2 Kd6 47. Be2 {[%clk 0:00:29]} a5 48.
Kc2 Kc5 {[%clk 0:00:18]} 49. Kb2 {[%clk 0:00:26]} Kb4 {[%clk 0:00:19]} 50. Bd3
{[%clk 0:00:28]} Nc5 {[%clk 0:00:19]} 51. Bc2 {[%clk 0:00:29]} Nb7
{[%clk 0:00:15]} 52. Bd3 {[%clk 0:00:29]} Nd6 {[%clk 0:00:16]} 53. Ba6
{[%clk 0:00:25]} Bb7 {[%clk 0:00:13]} 54. Bd3 Ne4 55. Bb5 {[%clk 0:00:23]} Bc8
{[%clk 0:00:15]} 56. Be8 {[%clk 0:00:22]} Nd2 {[%clk 0:00:15]} 57. Bxh5
{[%clk 0:00:21]} Nf3 {[%clk 0:00:16]} 58. h3 {[%clk 0:00:21]} Nh2
{[%clk 0:00:13]} 59. hxg4 {[%clk 0:00:22]} Nxg4 {[%clk 0:00:13]} 60. Bxg4
{[%clk 0:00:07]} fxg4 61. Kc2 Ba6 {[%clk 0:00:14]} 62. Kb2 {[%clk 0:10:08]} Bd3
63. Ka2 Bc2 {[%clk 0:00:14]} 0-1

[Event "C18"]
[Site "?"]
[Date "2016.08.06"]
[Round "7.5"]
[White "Putlak, Wojciech"]
[Black "Nowak, Kamil"]
[Result "1-0"]
[LiveChessVersion "1.4.8"]
[BlackElo "1821"]
[WhiteElo "1939"]

1. d4 {[%clk 0:03:03]} d5 {[%clk 0:03:04]} 2. Nf3 {[%clk 0:03:04]} Nf6
{[%clk 0:03:05]} 3. Bf4 {[%clk 0:03:03]} Bf5 {[%clk 0:03:06]} 4. e3
{[%clk 0:03:04]} e6 {[%clk 0:03:07]} 5. Bd3 {[%clk 0:03:04]} Bxd3
{[%clk 0:03:07]} 6. Qxd3 {[%clk 0:03:05]} Bd6 {[%clk 0:03:07]} 7. Bxd6
{[%clk 0:03:00]} Qxd6 {[%clk 0:03:08]} 8. Nbd2 {[%clk 0:03:00]} c5
{[%clk 0:03:06]} 9. c3 {[%clk 0:02:52]} Nc6 {[%clk 0:03:07]} 10. O-O
{[%clk 0:02:50]} O-O {[%clk 0:03:07]} 11. Rfe1 {[%clk 0:02:45]} h6
{[%clk 0:02:40]} 12. Rad1 {[%clk 0:02:38]} Rfd8 {[%clk 0:02:38]} 13. e4
{[%clk 0:02:36]} dxe4 {[%clk 0:02:30]} 14. Nxe4 {[%clk 0:02:36]} Nxe4
{[%clk 0:02:31]} 15. Qxe4 {[%clk 0:02:37]} cxd4 {[%clk 0:02:16]} 16. Nxd4
{[%clk 0:02:37]} Nxd4 {[%clk 0:02:13]} 17. Rxd4 {[%clk 0:02:35]} Qc6
{[%clk 0:02:09]} 18. Qxc6 {[%clk 0:02:29]} bxc6 {[%clk 0:02:09]} 19. Red1
{[%clk 0:02:30]} Rxd4 {[%clk 0:02:07]} 20. Rxd4 {[%clk 0:02:30]} Rb8
{[%clk 0:02:08]} 21. b3 {[%clk 0:02:29]} Rb7 {[%clk 0:02:05]} 22. g3
{[%clk 0:02:28]} Kf8 {[%clk 0:02:05]} 23. Rd8+ {[%clk 0:02:26]} Ke7
{[%clk 0:02:06]} 24. Ra8 {[%clk 0:02:15]} Kd6 {[%clk 0:02:00]} 25. Kf1
{[%clk 0:02:15]} Rc7 {[%clk 0:01:50]} 26. Ke2 {[%clk 0:02:14]} c5
{[%clk 0:01:45]} 27. Kd3 {[%clk 0:02:12]} Kc6 {[%clk 0:01:31]} 28. Rd8
{[%clk 0:02:01]} Rd7+ {[%clk 0:01:11]} 29. Rxd7 {[%clk 0:02:01]} Kxd7
{[%clk 0:01:12]} 30. Kc4 {[%clk 0:02:02]} Kc6 {[%clk 0:01:13]} 31. b4
{[%clk 0:02:03]} cxb4 {[%clk 0:01:14]} 32. cxb4 {[%clk 0:02:04]} e5
{[%clk 0:01:04]} 33. a4 {[%clk 0:01:51]} f5 {[%clk 0:00:57]} 34. b5+
{[%clk 0:01:46]} Kb6 {[%clk 0:00:58]} 35. Kb4 {[%clk 0:01:47]} g5
{[%clk 0:00:52]} 36. a5+ {[%clk 0:01:48]} Kb7 {[%clk 0:00:52]} 37. Kc5
{[%clk 0:01:49]} e4 {[%clk 0:00:53]} 38. Kd5 {[%clk 0:01:49]} Kc7
{[%clk 0:00:47]} 39. Ke5 {[%clk 0:01:49]} Kd7 {[%clk 0:00:42]} 40. Kxf5 Kd6 41.
Kxe4 {[%clk 0:01:42]} Kc5 {[%clk 0:00:45]} 42. b6 {[%clk 0:01:43]} axb6
{[%clk 0:00:45]} 43. axb6 {[%clk 0:01:44]} Kxb6 {[%clk 0:00:47]} 44. Kf5
{[%clk 0:01:45]} 1-0